Statystyki dla Stolice świata (Trudny)

Kliknij tutaj aby rozwiązać quiz!

Ogólne statystyki

  • Ten quiz został rozwiązany 56 razy
  • Średni wynik to 11 z 15

Statystyki odpowiedzi

PaństwoStolica% Poprawnych
MołdawiaKiszyniów
98%
Korea PołudniowaSeul
96%
AlbaniaTirana
94%
ChileSantiago
92%
AlgieriaAlgier
90%
AzerbejdżanBaku
90%
MarokoRabat
90%
TajlandiaBangkok
88%
Arabia SaudyjskaRijad
84%
EkwadorQuito
76%
BangladeszDhaka
58%
TadżykistanDuszanbe
48%
GujanaGeorgetown
44%
BahrajnManama
40%
BhutanThimphu
40%

Rozkład punktacji

Percentyl według liczby udzielonych odpowiedzi

Procent ludzi z każdym wynikiem

Twoja historia wyników

Nie rozwiązałeś tego quizu